000 00737nam a2200289Ia 4500
005 20260324132114.0
008 008 260324s9999 xx 000 0 eng d
020 _a9781315237626
037 _aEBOOK
040 _aCRL
040 _beng
040 _cCRL
041 _2eng
041 _aeng
084 _qCRL
100 _aMargaret Pelling; Scott Mandelbrote
_91188055
245 4 _aThe Practice of Reform in Health, Medicine, and Science, 1500–2000
245 0 _bEssays for Charles Webster
260 _bTaylor and Francis
260 _c2005
365 _a
365 _b59.99
856 _uhttp://www.taylorfrancis.com/books/9781315237626
942 _cEBOOK
999 _c1785813
_d1785813